Art, science and technology, the genius of leonardo (Record no. 7545)

MARC details
000 -LEADER
fixed length control field 00562nam a2200181Ia 4500
003 - CONTROL NUMBER IDENTIFIER
control field IN-BaIIA
008 - FIXED-LENGTH DATA ELEMENTS--GENERAL INFORMATION
fixed length control field 211028s9999 xx 000 0 eng d
040 ## - CATALOGING SOURCE
Transcribing agency IIA Library
080 ## - UNIVERSAL DECIMAL CLASSIFICATION NUMBER
Universal Decimal Classification number 92:52
Item number LEO
100 ## - MAIN ENTRY--PERSONAL NAME
Personal name Reidel, A.
9 (RLIN) 12819
245 #0 - TITLE STATEMENT
Title Art, science and technology, the genius of leonardo
Statement of responsibility, etc. A. Reidel
260 ## - PUBLICATION, DISTRIBUTION, ETC.
Place of publication, distribution, etc. Dordrecht
Name of publisher, distributor, etc. D. Reidel Publishing
Date of publication, distribution, etc. 1974
300 ## - PHYSICAL DESCRIPTION
Extent 133p.
500 ## - GENERAL NOTE
General note Donated by Mrs. Bappu
650 ## - SUBJECT ADDED ENTRY--TOPICAL TERM
Topical term or geographic name entry element Biography-Leonardo Da Vinci
9 (RLIN) 12820
650 ## - SUBJECT ADDED ENTRY--TOPICAL TERM
Topical term or geographic name entry element NASA Thesaurus
942 ## - ADDED ENTRY ELEMENTS (KOHA)
Koha item type Books
Holdings
Withdrawn status Lost status Damaged status Not for loan Home library Current library Shelving location Date acquired Total Checkouts Full call number Barcode Date last seen Price effective from Koha item type
        IIA Library-Bangalore IIA Library-Bangalore General Stacks 18/07/1983   92:52/ LEO 8358 05/11/2021 18/07/1983 Books

Powered by Koha